000 00555nam a2200133Ia 4500
008 260101s2024 xx 000 0 und d
020 _a9789361867071
041 _ahin
082 _a200
_bWAG
100 _aडॉ. शैलेश कुमार वाघ , प्रा. सिद्धार्ध सोनावणे
245 _aप्राचीन भारतीय ज्ञानप्रणली ( Indain Knowledge System)
260 _bअथर्व पब्लिकेशन , धुळे
_c2024
300 _aP-१८४
_bS-22x14
999 _c1214036
_d1214036